Statystyki dla Wszystkie gminy w województwie Opolskim

Kliknij tutaj aby rozwiązać quiz!

Ogólne statystyki

  • Ten quiz został rozwiązany 28 razy
  • Średni wynik to 23 z 71

Statystyki odpowiedzi

PowiatNazwa gminy% Poprawnych
Powiat OleskiOlesno
78%
Powiat StrzeleckiStrzelce Opolskie
78%
Powiat Kędzierzyńsko-
Kozielski
Kędzierzyn-Koźle
67%
Powiat KluczborskiKluczbork
67%
Powiat KrapkowickiKrapkowice
67%
Miasto OpoleOpole
67%
Powiat BrzeskiBrzeg
61%
Powiat NamysłowskiNamysłów
61%
Powiat OpolskiNiemodlin
61%
Powiat PrudnickiPrudnik
61%
Powiat GłubczyckiGłubczyce
56%
Powiat NyskiNysa
56%
Powiat PrudnickiBiała
50%
Powiat OleskiDobrodzień
50%
Powiat NyskiGłuchołazy
50%
Powiat NyskiPaczków
50%
Powiat KrapkowickiZdzieszowice
50%
Powiat KluczborskiByczyna
44%
Powiat PrudnickiGłogówek
44%
Powiat KrapkowickiGogolin
44%
Powiat NyskiOtmuchów
44%
Powiat OpolskiPrószków
44%
Powiat StrzeleckiUjazd
44%
Powiat BrzeskiGrodków
39%
Powiat StrzeleckiKolonowskie
39%
Powiat NyskiKorfantów
39%
Powiat BrzeskiLewin Brzeski
39%
Powiat OpolskiDąbrowa
33%
Powiat OpolskiDobrzeń Wielki
33%
Powiat OpolskiKomprachcice
33%
Powiat OpolskiOzimek
33%
Powiat OpolskiTurawa
33%
Powiat KluczborskiWołczyn
33%
Powiat GłubczyckiBaborów
28%
Powiat OleskiGorzów Śląski
28%
Powiat StrzeleckiJemielnica
28%
Powiat GłubczyckiKietrz
28%
Powiat OpolskiŁubniany
28%
Powiat PrudnickiLubrza
28%
Powiat NamysłowskiPokój
28%
Powiat OleskiPraszka
28%
Powiat OpolskiTarnów Opolski
28%
Powiat OpolskiTułowice
28%
Powiat OpolskiChrząstowice
22%
Powiat StrzeleckiIzbicko
22%
Powiat StrzeleckiIzbicko
22%
Powiat NyskiKamiennik
22%
Powiat StrzeleckiLeśnica
22%
Powiat BrzeskiLubsza
22%
Powiat OpolskiPopielów
22%
Powiat OleskiRudniki
22%
Powiat NyskiSkoroszyce
22%
Powiat KrapkowickiStrzeleczki
22%
Powiat NyskiŁambinowice
17%
Powiat OpolskiMurów
17%
Powiat NyskiPakosławice
17%
Powiat OleskiRadłów
17%
Powiat Kędzierzyńsko-
Kozielski
Reńska Wieś
17%
Powiat NamysłowskiWilków
17%
Powiat Kędzierzyńsko-
Kozielski
Bierawa
11%
Powiat NamysłowskiDomaszowice
11%
Powiat KluczborskiLasowice Wielkie
11%
Powiat Kędzierzyńsko-
Kozielski
Pawłowiczki
11%
Powiat Kędzierzyńsko-
Kozielski
Polska Cerkiew
11%
Powiat BrzeskiSkarbimierz
11%
Powiat GłubczyckiBranice
6%
Powiat BrzeskiOlszanka
6%
Powiat NamysłowskiŚwierczów
6%
Powiat KrapkowickiWalce
6%
Powiat OleskiZębowice
6%
Powiat Kędzierzyńsko-
Kozielski
Cisek
0%

Rozkład punktacji

Percentyl według liczby udzielonych odpowiedzi

Procent ludzi z każdym wynikiem

Twoja historia wyników

Nie rozwiązałeś tego quizu